[Event "It (Men) Morelia MEX"]
[Site "?"]
[Date "2006.02.20"]
[Round "3.3"]
[White "Aronian Levon"]
[Black "Topalov Veselin"]
[Result "1/2-1/2"]
[WhiteElo "2752"]
[BlackElo "2801"]
[PlyCount "246"]
[EventDate "2006.??.??"]
[Source "www.chesslib.no"]
[SourceDate "2004.05.04"]

1. d4 Nf6 2. c4 e6 3. Nc3 Bb4 4. e3 O-O 5. Bd3 c5 6. Nf3 d5 7. O-O dxc4 8. Bxc4 Nbd7 9. a3 cxd4 10. axb4 dxc3 11. bxc3 Qc7 12. Be2 Nd5 13. Bd3 Qxc3 14. Ra3 Qf6 15. Qc2 h6 16. b5 Nb4 17. Bh7+ Kh8 18. Qb1 a5 19. Be4 Nc5 20. Bd2 Bd7 21. Bxb4 axb4 22. Qxb4 Rxa3 23. Qxc5 Rfa8 24. Ne5 b6 25. Qc7 Bxb5 26. Bxa8 Rxa8 27. Rd1 Ba4 28. Rd4 Be8 29. g3 Kh7 30. Kg2 Ra5 31. Nc4 Ra2 32. Rf4 Qc3 33. Qxb6 Ra1 34. Qb7 Qc1 35. Kh3 f6 36. Rg4 Bg6 37. Rxg6 Kxg6 38. Qe4+ Kf7 39. Nd6+ Ke7 40. Nf5+ Kd7 41. Nxg7 Qf1+ 42. Kh4 Qxf2 43. Qxe6+ Kc7 44. Qc4+ Kb7 45. Qe4+ Kb8 46. Qf4+ Qxf4+ 47. exf4 Ra2 48. h3 Kc8 49. Kh5 Ra3 50. Nf5 Kd7 51. Kxh6 Ke6 52. Kg6 Ra5 53. Ng7+ Ke7 54. h4 Ra6 55. Nh5 Ra8 56. Ng7 Ra6 57. g4 f5+ 58. Kxf5 Kf7 59. Nh5 Ra5+ 60. Ke4 Ra3 61. g5 Rh3 62. Kf5 Rxh4 63. g6+ Kg8 64. Kg5 Rh1 65. Nf6+ Kf8 66. Nh5 Rg1+ 67. Kh6 Rh1 68. f5 Kg8 69. Kg5 Rg1+ 70. Kf6 Rg4 71. Ng7 Ra4 72. Ne6 Ra5 73. Nc7 Kf8 74. Ke6 Ra7 75. Nb5 Re7+ 76. Kf6 Rd7 77. Nc3 Rd6+ 78. Kg5 Kg7 79. Nb5 Rd5 80. Nc7 Re5 81. Ne6+ Kg8 82. Kf6 Ra5 83. Nc7 Rc5 84. Ne8 Rc1 85. Nd6 Kf8 86. Ne4 Rc6+ 87. Kg5 Rc4 88. Ng3 Rc3 89. Ne4 Rc4 90. Nf6 Rc1 91. Nd7+ Kg8 92. f6 Rf1 93. Ne5 Rg1+ 94. Kf5 Rf1+ 95. Ke6 Re1 96. Kd6 Re2 97. Nc6 Rg2 98. Ke6 Re2+ 99. Kd7 Kf8 100. Kd6 Rg2 101. Ne5 Rd2+ 102. Ke6 Re2 103. Kf5 Rf2+ 104. Kg5 Rg2+ 105. Kh4 Rf2 106. Ng4 Rg2 107. Ne5 Rf2 108. Kg5 Rg2+ 109. Kf4 Rf2+ 110. Nf3 Rf1 111. Ke3 Kg8 112. Kf4 Kf8 113. Ke4 Kg8 114. Ke3 Ra1 115. Kf4 Rf1 116. Kg4 Rf2 117. Kg3 Rf1 118. Kf4 Rf2 119. Ke4 Rf1 120. Ke3 Ra1 121. Kd4  f1 122. Ke4 Rf2 123. g7 Rg2 1/2-1/2

[Event "EU-chT (Men)"]
[Site "Batumi"]
[Date "1999.11.30"]
[Round "2.1"]
[White "Kortschnoj, Viktor"]
[Black "Topalov, Veselin"]
[Result "1/2-1/2"]
[WhiteElo "2676"]
[BlackElo "2690"]
[PlyCount "42"]
[EventDate "1999.11.06"]
[Source "ChessBase"]
[SourceDate "2000.02.01"]

1. d4 Nf6 2. c4 e6 3. Nc3 Bb4 4. e3 O-O 5. Nf3 c5 6. Be2 d5 7. O-O dxc4 8. Bxc4 Nbd7 9. Bd3 b6 10. a3 cxd4 11. axb4 dxc3 12. bxc3 Bb7 13. Bb2 Qc7 14. Qe2 Ng4 15. e4 Rfd8 16. Rfd1 Nde5 17. Nxe5 Nxe5 18. f3 a5 19. bxa5 Nxd3 20. Rxd3 bxa5 21. Rxd8+ Rxd8 1/2-1/2

[Event "49. TCh-ESP Honor 2"]
[Site "?"]
[Date "2005.09.02"]
[Round "3"]
[White "Graf Alexander"]
[Black "Nielsen Peter Heine"]
[Result "1/2-1/2"]
[WhiteElo "2605"]
[BlackElo "2668"]
[PlyCount "106"]
[EventDate "2005.??.??"]
[Source "www.chesslib.no"]
[SourceDate "2004.05.04"]

1. d4 Nf6 2. c4 e6 3. Nc3 Bb4 4. e3 O-O 5. Bd3 c5 6. Nf3 d5 7. O-O dxc4 8. Bxc4 Nbd7 9. a3 cxd4 10. axb4 dxc3 11. bxc3 Qc7 12. Be2 Nd5 13. Bb2 Nxc3 14. Bxc3 Qxc3 15. Qd6 Qc6 16. Qxc6 bxc6 17. Nd4 Bb7 18. Rfc1 Rfc8 19. Bf3 a6 20. Bxc6 Bxc6 21. Rxc6 Rxc6 22. Nxc6 Nb6 23. e4 Kf8 24. f3 Ke8 25. h4 Kd7 26. Ne5+ Ke7 27. Kf2 Nd7 28. Nd3 Kd6 29. Ke3 Kc6 30. Ra5 Kb6 31. Nb2 Rb8 32. g4 Ka7 33. Nd3 Rb5 34. Kd4 Kb6 35. Ra4 f6 36. h5 g6 37. hxg6 hxg6 38. Ra1 f5 39. exf5 exf5 40. g5 f4 41. Re1 Rxg5 42. Nxf4 Kb5 43. Nd5 Rf5 44. Re7 Nf6 45. Rb7+ Ka4 46. Ne7 Rxf3 47. Nxg6 Rb3 48. Kc4 a5 49. Ne5 Rxb4+ 50. Rxb4+ axb4 51. Nd3 b3 52. Nc5+ Ka3 53. Nxb3 Ka2 1/2-1/2

[Event "Groningen"]
[Site "?"]
[Date "1993.??.??"]
[Round "?"]
[White "Gulko, B."]
[Black "Hjartarson, J."]
[Result "1-0"]
[WhiteElo "2635"]
[BlackElo "2605"]
[PlyCount "47"]
[EventDate "1993.??.??"]
[Source "ChessBase"]
[SourceDate "1993.10.01"]

1. d4 Nf6 2. c4 e6 3. Nc3 Bb4 4. e3 O-O 5. Bd3 d5 6. a3 Bxc3+ 7. bxc3 dxc4 8. Bxc4 c5 9. Nf3 b6 10. O-O Bb7 11. Re1 Nbd7 12. Bd3 e5 13. e4 Qc7 14. Bg5 exd4 15. cxd4 cxd4 16. e5 Nd5 17. Rc1 Nc5 18. Nxd4 g6 19. Bc4 Rfe8 20. Nb5 Qc6 21. Nd6 Ne3 22. Bxf7+ Kg7 23. Qf3 Qxf3 24. gxf3 1-0

[Event "Ch Spain (team) (1 Div) (North)"]
[Site "Sabadell (Spain)"]
[Date "2007.08.17"]
[Round "4"]
[White "Flores Diego (ARG)"]
[Black "Baklan Vladimir (UKR)"]
[Result "1/2-1/2"]
[WhiteElo "2560"]
[BlackElo "2648"]
[PlyCount "63"]
[EventDate "2007.??.??"]
[Source "www.chesslib.no"]
[SourceDate "2004.05.04"]

1. d4 Nf6 2. c4 e6 3. Nc3 Bb4 4. e3 O-O 5. Bd3 c5 6. Nf3 d5 7. O-O dxc4 8. Bxc4 Nbd7 9. a3 cxd4 10. Nb5 Be7 11. Nbxd4 e5 12. Nf5 Nb6 13. Qxd8 Bxd8 14. Nd6 Nxc4 15. Nxc4 e4 16. Nd4 Bc7 17. Bd2 Ng4 18. h3 Ne5 19. Bb4 Rd8 20. Nd2 Bb6 21. Nxe4 Bxd4 22. exd4 Rxd4 23. Rfd1 Rxd1+ 24. Rxd1 Bd7 25. Nd6 Bc6 26. f4 Ng6 27. g3 Rd8 28. Rd2 h5 29. h4 a6 30. Bc3 f6 31. Ba5 Rd7 32. Nf5 1/2-1/2

[Event "Corr"]
[Site "?"]
[Date "1998.03.01"]
[Round "?"]
[White "Oosterom Joop van (NLD)"]
[Black "Hyldkrog Lars (DEN)"]
[Result "1-0"]
[WhiteElo "2684"]
[BlackElo "2502"]
[PlyCount "97"]
[EventDate "1998.??.??"]
[Source "www.chesslib.no"]
[SourceDate "2004.05.04"]

1. d4 Nf6 2. c4 e6 3. Nf3 d5 4. Nc3 Bb4 5. e3 O-O 6. Bd3 c5 7. O-O dxc4 8. Bxc4 Nbd7 9. Qe2 b6 10. d5 Bxc3 11. dxe6 Ne5 12. exf7+ Kh8 13. bxc3 Bg4 14. e4 Qe7 15. Re1 b5 16. Bxb5 Nh5 17. Bg5 Qe6 18. Qe3 Bxf3 19. gxf3 Qxf7 20. Be2 h6 21. f4 Nxf4 22. Bxf4 Qxf4 23. Rf1 Rab8 24. Rab1 Qxe3 25. fxe3 Rxf1+ 26. Rxf1 Rb2 27. Rf8+ Kh7 28. Kf1 Rb1+ 29. Kf2 Rb2 30. Ke1 Rb1+ 31. Kd2 Rb2+ 32. Kd1 Rxa2 33. Re8 Nf7 34. Bc4 Ra1+ 35. Ke2 Kg6 36. h4 Rh1 37. Re7 Rxh4 38. Bxf7+ Kf6 39. Rxa7 Rxe4 40. Bd5 Re5 41. c4 h5 42. Rf7+ Kg6 43. Rc7 Kf6 44. Rc6+ Kg5 45. Rxc5 h4 46. Rb5 Kf6 47. Bg2 Re6 48. Rh5 g5 49. Rh6+ 1-0

[Event "Novi Sad Ol."]
[Site "?"]
[Date "1990.??.??"]
[Round "?"]
[White "Georgiev, Ki"]
[Black "Ribli, Z."]
[Result "1-0"]
[WhiteElo "2580"]
[BlackElo "2605"]
[PlyCount "119"]
[EventDate "1990.??.??"]
[Source "www.chesslib.no"]
[SourceDate "2004.05.04"]

1. d4 Nf6 2. c4 e6 3. Nc3 Bb4 4. e3 O-O 5. Bd3 c5 6. Nf3 d5 7. O-O dxc4 8. Bxc4 Nbd7 9. Qb3 a6 10. a4 Qe7 11. Rd1 Rd8 12. Bd2 Nb6 13. Be2 cxd4 14. exd4 h6 15. a5 Nbd5 16. Ne5 Bd7 17. Bf3 Bd6 18. Nxd5 exd5 19. Nxd7 Qxd7 20. Rac1 Rac8 21. g3 Ne4 22. Be3 Qb5 23. Qxb5 axb5 24. Be2 Bb4 25. Bxb5 Bxa5 26. Bd3 Bb6 27. h4 Nd6 28. b3 Ra8 29. Ra1 Rdc8 30. Kf1 Kf8 31. Ke2 Ke7 32. Ra4 Rxa4 33. bxa4 Ra8 34. Rb1 Bc7 35. Bc2 Rd8 36. g4 Ke6 37. Rc1 Bb6 38. Rb1 Ba5 39. Bf4 Rc8 40. Bd3 b6 41. Rc1 Rxc1 42. Bxc1 Bc3 43. Be3 Nc4 44. Bxc4 dxc4 45. d5+ Kxd5 46. Bxb6 Bd4 47. Bd8 c3 48. Kd3 Bxf2 49. Kxc3 Ke4 50. Kc4 Be1 51. Be7 Ke5 52. Bb4 Bxb4 53. Kxb4 h5 54. gxh5 Kd6 55. Kc4 Kc6 56. Kd4 Kb6 57. Ke5 Ka5 58. h6 gxh6 59. Kf6 Kxa4 60. Kxf7 1-0

[Event "otb"]
[Site "otb"]
[Date "2007.03.20"]
[Round "10"]
[White "Vitiugov Nikita"]
[Black "Lysyj Igor"]
[Result "1/2-1/2"]
[WhiteElo "2604"]
[BlackElo "2576"]
[PlyCount "45"]
[Source "www.chesslib.no"]
[SourceDate "2004.05.04"]

1. d4 Nf6 2. c4 e6 3. Nc3 Bb4 4. e3 O-O 5. Bd3 d5 6. Nf3 c5 7. O-O dxc4 8. Bxc4 Nbd7 9. Qb3 a6 10. a4 Qc7 11. Rd1 Rd8 12. Bd2 b6 13. d5 Nf8 14. dxe6 Bxe6 15. h3 Qb7 16. Ng5 Bxc4 17. Qxc4 h6 18. Nge4 Nxe4 19. Nxe4 b5 20. Qc2 Bxd2 21. Rxd2 Rxd2 22. Nxd2 Ne6 23. b3 1/2-1/2

[Event "EU-ch 2nd"]
[Site "Ohrid"]
[Date "2001.06.12"]
[Round "11"]
[White "Graf, Alexander"]
[Black "Sulskis, Sarunas"]
[Result "1/2-1/2"]
[WhiteElo "2649"]
[BlackElo "2530"]
[PlyCount "140"]
[EventDate "2001.06.01"]
[Source "ChessBase"]
[SourceDate "2001.09.13"]

1. d4 Nf6 2. c4 e6 3. Nc3 Bb4 4. e3 O-O 5. Bd3 d5 6. Nf3 c5 7. O-O dxc4 8. Bxc4 Nbd7 9. Bd2 b6 10. Qe2 Bb7 11. Rfd1 cxd4 12. Nxd4 a6 13. Be1 Qe7 14. a3 Bd6 15. Ba2 Rac8 16. Nf3 Rfd8 17. Nd2 Bb8 18. Nf1 b5 19. f3 Nb6 20. Rxd8+ Rxd8 21. e4 Be5 22. Rd1 Rxd1 23. Qxd1 h6 24. Qd3 Qc7 25. Bg3 Nfd7 26. Bxe5 Nxe5 27. Qd4 g5 28. Nd2 Nbd7 29. Bb3 Kf8 30. Bd1 Ke7 31. Be2 Nc6 32. Qe3 b4 33. axb4 Nxb4 34. Nc4 Qc5 35. Kf2 f6 36. Qxc5+ Nxc5 37. Na5 Bc8 38. Ke3 Nc2+ 39. Kd2 Nb4 40. Nd1 e5 41. Bc4 Kd6 42. Ne3 Na4 43. Bb3 Nb6 44. Kc3 Kc5 45. Bf7 Kb5 46. Nac4 Nxc4 47. Nxc4 Kc5 48. Nd6 Kxd6 49. Kxb4 Kc6 50. Ka5 Kb7 51. g4 Ka7 52. Bc4 Bb7 53. b3 Bc8 54. b4 Bb7 55. b5 axb5 56. Kxb5 Ba8 57. Kc5 Bb7 58. Be2 Bc8 59. Bb5 Be6 60. Bc4 Bd7 61. Kd6 Ba4 62. Ke7 Kb6 63. Kxf6 Kc5 64. Bd5 Kd4 65. Kg6 Ke3 66. Kxh6 Kf4 67. Be6 Bd1 68. h4 gxh4 69. g5 Bxf3 70. g6 h3 1/2-1/2